| 000 | 01376cam a2200337 a 4500 | ||
|---|---|---|---|
| 999 |
_c219629 _d219629 |
||
| 001 | 17134641 | ||
| 003 | ASAB | ||
| 005 | 20170215160650.0 | ||
| 008 | 120125s2011 gw a b 001 0 eng | ||
| 010 | _a 2011293755 | ||
| 020 | _a9783527326372 | ||
| 040 |
_aDLC _cASAB _dDLC |
||
| 041 | 1 |
_aeng _hger |
|
| 042 | _apcc | ||
| 050 | 0 | 0 |
_aTP248.2 _b.I6813 2011 |
| 082 | 0 | 0 |
_a660.6 _223 |
| 245 | 0 | 3 |
_aAn introduction to molecular biotechnology : _bfundamentals, methods, and applications / _cedited by Michael Wink. |
| 246 | 3 | 0 | _aMolecular biotechnology |
| 250 | _a2nd, updated ed. | ||
| 260 |
_aWeinheim : _bWiley-Blackwell, _cc2011. |
||
| 300 |
_axxxii, 601 p. : _bill. (some col.) ; _c24 cm. |
||
| 504 | _aIncludes bibliographical references (p. 535-549) and index. | ||
| 650 | 0 | _aBiotechnology. | |
| 650 | 0 | _aGenetic engineering. | |
| 650 | 0 | _aMolecular biology. | |
| 700 | 1 | _aWink, Michael. | |
| 856 | 4 | 2 |
_3Contributor biographical information _uhttp://www.loc.gov/catdir/enhancements/fy1210/2011293755-b.html |
| 856 | 4 | 2 |
_3Publisher description _uhttp://www.loc.gov/catdir/enhancements/fy1210/2011293755-d.html |
| 856 | 4 | 1 |
_3Table of contents only _uhttp://www.loc.gov/catdir/enhancements/fy1210/2011293755-t.html |
| 906 |
_a7 _bcbc _corigcop _d3 _eepcn _f20 _gy-gencatlg |
||
| 942 |
_2ddc _cBK |
||